00231nam a2200085Ia 4500008004100000245003600041260003900077300001000116650001900126220216s9999 xx 000 0 und d 0aHistory of rubber down the ages bRubber Asia 20th Anniversary Issue a76-79 aRubber history